000 00339nam a2200145Ia 4500
008 210716s1966 xx 000 0 und d
041 _aeng
082 _a330 STIG
100 _aStigler, George J.
245 _aTheory of price.
250 _a3
260 _aNew York
_bMacmillan
_c1966
300 _aviii,355
650 _aEconomics(330)
999 _c203097
_d203097